Banking padhati aru bharotiya mudraniti : (Record no. 5414)

MARC details
000 -LEADER
fixed length control field 00538cam a2200181ua 4500
001 - CONTROL NUMBER
control field 6267
005 - DATE AND TIME OF LATEST TRANSACTION
control field 20260515114025.0
008 - FIXED-LENGTH DATA ELEMENTS--GENERAL INFORMATION
fixed length control field 131127n ii |||gr||||Z||||||asm
040 ## - CATALOGING SOURCE
Transcribing agency MAIN
082 ## - DEWEY DECIMAL CLASSIFICATION NUMBER
Classification number 332.1
245 ## - TITLE STATEMENT
Title Banking padhati aru bharotiya mudraniti :
Remainder of title Volume III /
Statement of responsibility, etc. By Krishna kanta kalita .
260 ## - PUBLICATION, DISTRIBUTION, ETC.
Place of publication, distribution, etc. Guwahati:
Name of publisher, distributor, etc. pathyaputhi prastuti samanay samiti,
Date of publication, distribution, etc. 1975.
300 ## - PHYSICAL DESCRIPTION
Extent x,307p.
653 ## - INDEX TERM--UNCONTROLLED
Uncontrolled term Commerce
653 ## - INDEX TERM--UNCONTROLLED
Uncontrolled term Banking paddhati aru bharotiya mudraniti
700 ## - ADDED ENTRY--PERSONAL NAME
Personal name Kalita,Krishna kanta,
Relator term Author.
942 ## - ADDED ENTRY ELEMENTS (KOHA)
Koha item type Books
Holdings
Withdrawn status Lost status Damaged status Not for loan Home library Current library Shelving location Date acquired Total checkouts Full call number Barcode Date last seen Copy number Price effective from Koha item type
        Naharkatiya College Library Naharkatiya College Library General stacks 09/19/2020   332.1 | KAL 13785 09/19/2020 1 09/19/2020 Books